[Event "Znojemska rotunda 2001"]
[Site "?"]
[Date "2001.08.19"]
[Round "3"]
[White "Dobes O."]
[Black "Markovic I."]
[Result "1/2-1/2"]
[WhiteElo "2042"]
[BlackElo "2235"]
[PlyCount "57"]

1. e4 d6 2. d4 Nf6 3. Nc3 e5 4. dxe5 dxe5 5. Qxd8+ Kxd8 6. Bg5 Be6 7. O-O-O+
Nbd7 8. Nf3 Bd6 9. Nd2 h6 10. Be3 a6 11. Nc4 Ke7 12. f3 Bxc4 13. Bxc4 b5 14.
Nd5+ Nxd5 15. Bxd5 Rab8 16. c3 Nb6 17. Kc2 Nxd5 18. Rxd5 c6 19. Rd2 Ke6 20.
Rhd1 Rhd8 21. Bc5 Bc7 22. Rxd8 Rxd8 23. Rxd8 Bxd8 24. Kd3 g6 25. b3 Be7 26.
Bxe7 Kxe7 27. b4 h5 28. g3 g5 29. g4 1/2-1/2

[Event "Znojemska rotunda 2001"]
[Site "?"]
[Date "2001.08.19"]
[Round "3"]
[White "Antos O."]
[Black "Gutdeutsch O."]
[Result "1-0"]
[WhiteElo "1750"]
[BlackElo "2060"]
[PlyCount "79"]

1. b4 d5 2. Bb2 e6 3. e3 Nf6 4. b5 Bd7 5. a4 a6 6. Nf3 c5 7. bxc6 Bxc6 8. Ne5
Bd6 9. Bd3 Qc7 10. f4 Nbd7 11. Nxd7 Qxd7 12. Bxf6 gxf6 13. O-O Bxa4 14. Nc3 Bc6
15. Qe2 Ke7 16. Rf2 Rhg8 17. g3 f5 18. Qh5 Rg7 19. Ne2 Bc5 20. Nd4 Bxd4 21.
exd4 Rag8 22. Re1 Kd8 23. Rb1 f6 24. Bxa6 bxa6 25. Rb8+ Kc7 26. Rb3 Rg4 27. Qh3
Rb8 28. Rff3 Rxb3 29. Rxb3 Qg7 30. Qf1 Bb5 31. Rc3+ Kd6 32. Qc1 Rxf4 33. Qa3+
Kd7 34. Qc5 Rf1+ 35. Kg2 Qg4 36. Qc7+ Ke8 37. Qc8+ Kf7 38. Rc7+ Kg6 39. Qg8+
Kh6 40. Rxh7# 1-0

[Event "Znojemska rotunda 2001"]
[Site "?"]
[Date "2001.08.19"]
[Round "3"]
[White "Jurica P."]
[Black "Jurak S."]
[Result "1-0"]
[WhiteElo "2140"]
[BlackElo "1708"]
[PlyCount "39"]

1. Nf3 d5 2. g3 Nf6 3. Bg2 e6 4. O-O Be7 5. c4 O-O 6. b3 Nc6 7. Bb2 Re8 8. d4
Bf8 9. Nbd2 Bd7 10. Ne5 h6 11. Re1 Bb4 12. Nd3 Bxd2 13. Qxd2 Ne7 14. f3 Ng6 15.
e4 Bc6 16. Re2 b6 17. Rae1 dxc4 18. bxc4 Bb7 19. f4 Ne7 20. e5 1-0

[Event "Znojemska rotunda 2001"]
[Site "?"]
[Date "2001.08.19"]
[Round "3"]
[White "Petlak J."]
[Black "Kosik J."]
[Result "1-0"]
[WhiteElo "1928"]
[BlackElo "1377"]
[PlyCount "57"]

1. e4 e5 2. Nf3 Nc6 3. Bb5 a6 4. Ba4 b5 5. Bb3 Nf6 6. Qe2 Be7 7. d3 O-O 8. c3
d6 9. Nbd2 Bb7 10. Nf1 Na5 11. Bc2 c5 12. h3 h6 13. g4 Nh7 14. Ng3 Bc8 15. Bd2
Bg5 16. Nxg5 Nxg5 17. O-O-O Be6 18. Kb1 Nc6 19. h4 Nh7 20. Nf5 Bxf5 21. gxf5
Kh8 22. Rdg1 Rg8 23. Qh5 Qf8 24. Bb3 Nd8 25. Bg5 Nxg5 26. hxg5 g6 27. Qf3 h5
28. Rxh5+ gxh5 29. Qxh5+ 1-0

[Event "Znojemska rotunda 2001"]
[Site "?"]
[Date "2001.08.19"]
[Round "3"]
[White "Blazek M."]
[Black "Holcapfl J."]
[Result "1-0"]
[WhiteElo "2116"]
[BlackElo "1682"]
[PlyCount "73"]

1. e4 d6 2. d4 Nf6 3. Nc3 e5 4. dxe5 dxe5 5. Qxd8+ Kxd8 6. f4 Bd6 7. Nf3 Nbd7
8. Bc4 Ke7 9. g3 h6 10. O-O exf4 11. gxf4 Bc5+ 12. Kg2 Nb6 13. Bb3 Be6 14. e5
Nfd5 15. f5 Nxc3 16. fxe6 Ncd5 17. exf7 Rhf8 18. c4 Nb4 19. Bd2 Nc6 20. Bc3 g5
21. Nd2 Rxf7 22. Rxf7+ Kxf7 23. Ne4 Nd7 24. Rd1 Ke7 25. Rxd7+ Kxd7 26. Nxc5+
Ke7 27. Nxb7 a5 28. Ba4 Nb4 29. a3 Nd3 30. Nxa5 Nxe5 31. Nc6+ Nxc6 32. Bxc6 Rb8
33. b4 Kd6 34. Bf3 c6 35. a4 Rf8 36. b5 cxb5 37. Bb4+ 1-0

[Event "Znojemska rotunda 2001"]
[Site "?"]
[Date "2001.08.19"]
[Round "3"]
[White "Antos J."]
[Black "Dvorak L."]
[Result "0-1"]
[WhiteElo "1680"]
[BlackElo "1928"]
[PlyCount "50"]

1. e4 c5 2. Nf3 d6 3. d4 cxd4 4. Qxd4 Nc6 5. Bb5 Bd7 6. Bxc6 Bxc6 7. Nc3 Nf6 8.
O-O g6 9. b3 Bg7 10. Rb1 O-O 11. Qd3 Rc8 12. Bb2 b5 13. Rfe1 b4 14. Nd5 Bxd5
15. exd5 Rc5 16. a3 Rxd5 17. Qc4 bxa3 18. Bxf6 Rc5 19. Bxe7 Rxc4 20. bxc4 Qc7
21. Bxf8 Kxf8 22. Re3 a2 23. Rbe1 Bf6 24. c3 Qa5 25. Re8+ Kg7 0-1

[Event "Znojemska rotunda 2001"]
[Site "?"]
[Date "2001.08.19"]
[Round "3"]
[White "Macoun V."]
[Black "Voborny D."]
[Result "0-1"]
[WhiteElo "1550"]
[BlackElo "1703"]
[PlyCount "80"]

1. e4 c5 2. Nf3 Nc6 3. Bc4 d6 4. O-O Nf6 5. d3 g6 6. Nc3 Bg7 7. Bg5 a6 8. Nd5
Nxd5 9. Bxd5 Bxb2 10. Rb1 Bg7 11. Bxc6+ bxc6 12. Qd2 O-O 13. c3 Be6 14. Bh6 Rb8
15. d4 cxd4 16. cxd4 Bc4 17. Rfe1 Qc7 18. Rxb8 Rxb8 19. g3 c5 20. dxc5 Qxc5 21.
Rc1 Qh5 22. Bxg7 Qxf3 23. Bb2 Qxe4 24. Qc3 f6 25. Qxc4+ Qxc4 26. Rxc4 Rxb2 27.
Ra4 Rb6 28. Re4 Kf7 29. Rh4 h5 30. Rc4 d5 31. Rd4 Ke6 32. Kg2 Ke5 33. Rd3 Kd6
34. h4 e5 35. Re3 Kc5 36. Rc3+ Kd4 37. Rc2 Kd3 38. Rc1 d4 39. Rd1+ Ke2 40. Rc1
d3 0-1

[Event "Znojemska rotunda 2001"]
[Site "?"]
[Date "2001.08.19"]
[Round "3"]
[White "Vlk M."]
[Black "Urban V."]
[Result "1/2-1/2"]
[WhiteElo "1919"]
[BlackElo "1920"]
[PlyCount "95"]

1. d4 d5 2. c4 dxc4 3. e4 e5 4. d5 Nf6 5. Nc3 a6 6. Bxc4 b5 7. Bd3 c6 8. Bg5
Be7 9. dxc6 Nxc6 10. Nf3 Be6 11. O-O O-O 12. Rc1 Rc8 13. Qe2 Nd4 14. Nxd4 exd4
15. Nd5 Nxd5 16. exd5 Bxg5 17. dxe6 Bxc1 18. e7 Qd5 19. exf8=Q+ Kxf8 20. Re1 g6
21. a4 Rc5 22. axb5 axb5 23. b4 Rc3 24. Bxb5 Ba3 25. Bd3 Bxb4 26. Rb1 Bd6 27.
h4 Qe5 28. Qxe5 Bxe5 29. Rd1 Bf4 30. g3 Rc1 31. Rxc1 Bxc1 32. Kf1 f5 33. h5 Kg7
34. Ke2 Kf6 35. hxg6 hxg6 36. Kf3 g5 37. Ke2 Ke5 38. Kf3 g4+ 39. Ke2 f4 40.
gxf4+ Kxf4 41. Bc4 Ba3 42. Ba6 Be7 43. Bb5 Bh4 44. Ba6 Ke4 45. Bd3+ Kf4 46. Ba6
Ke4 47. Bd3+ Kf4 48. Ba6 1/2-1/2

[Event "Znojemska rotunda 2001"]
[Site "?"]
[Date "2001.08.19"]
[Round "3"]
[White "Doeekal J."]
[Black "Most Zd."]
[Result "0-1"]
[WhiteElo "1956"]
[BlackElo "2090"]
[PlyCount "102"]

1. Nf3 Nf6 2. d4 g6 3. Bg5 Bg7 4. Nbd2 d5 5. e3 O-O 6. Bd3 Nbd7 7. O-O b6 8.
Re1 Bb7 9. Rc1 c5 10. c3 h6 11. Bh4 Ne4 12. Qc2 f5 13. c4 g5 14. Bg3 e6 15. Ne5
Nxg3 16. Nxd7 Qxd7 17. hxg3 cxd4 18. exd4 Bxd4 19. Nf3 Bf6 20. Qb3 Kg7 21. Rcd1
d4 22. Ne5 Bxe5 23. Rxe5 Qc6 24. Bf1 Rad8 25. c5 Qc7 26. cxb6 Qxe5 27. bxa7 Qd5
28. Qb6 Rf7 29. a4 e5 30. Rc1 Rd6 31. Qb4 Rc6 32. Re1 Rc8 33. a5 Ba8 34. Qb8
Rfc7 35. a6 Qc5 36. b4 Qxa7 37. Qb5 Re7 38. Rxe5 Rc1 39. Rxf5 Qc7 40. Rxg5+
hxg5 41. Qxg5+ Kf7 42. Qh5+ Kg8 43. Qg6+ Kf8 44. Qf6+ Ke8 45. Qg6+ Kd7 46. Qf5+
Kd8 47. Qf8+ Re8 48. Qf6+ Kc8 49. Qf5+ Qd7 50. Qf4 Qc6 51. Qf5+ Qe6 0-1

[Event "Znojemska rotunda 2001"]
[Site "?"]
[Date "2001.08.19"]
[Round "3"]
[White "Pokorny J."]
[Black "Svoboda J. st."]
[Result "1/2-1/2"]
[WhiteElo "1648"]
[BlackElo "1726"]
[PlyCount "85"]

1. e4 Nf6 2. Nc3 d5 3. exd5 Nxd5 4. Bc4 Nf6 5. d4 e6 6. Nf3 c6 7. O-O Bd6 8.
Bg5 Nbd7 9. Ne4 Be7 10. Bxf6 Nxf6 11. Bd3 O-O 12. c3 Re8 13. Qc2 h6 14. Rfe1 b6
15. Rad1 Bb7 16. Qe2 a5 17. Ne5 Qc7 18. Nxf6+ Bxf6 19. Qg4 Bc8 20. Qg3 Ra7 21.
Re3 Rd8 22. Rde1 Ba6 23. Bxa6 Rxa6 24. Ng4 Qxg3 25. Rxg3 Be7 26. Nxh6+ Kf8 27.
Ng4 c5 28. Rh3 Kg8 29. Ne5 Bf6 30. Rd3 cxd4 31. Rxd4 Raa8 32. Rxd8+ Rxd8 33.
Nf3 Kf8 34. Kf1 Rd5 35. g3 a4 36. Rc1 e5 37. Re1 Ke7 38. Re2 Ke6 39. Rd2 e4 40.
Rxd5 Kxd5 41. Nd2 a3 42. c4+ Kd4 43. bxa3 1/2-1/2

[Event "Znojemska rotunda 2001"]
[Site "?"]
[Date "2001.08.19"]
[Round "3"]
[White "Mlensky D."]
[Black "Molik Zd."]
[Result "0-1"]
[WhiteElo "2040"]
[BlackElo "2123"]
[PlyCount "96"]

1. e4 e5 2. f4 exf4 3. Nf3 d5 4. exd5 Nf6 5. Nc3 Nxd5 6. Nxd5 Qxd5 7. d4 Bd6 8.
c4 Qe6+ 9. Be2 O-O 10. c5 Be7 11. Bxf4 c6 12. O-O Nd7 13. Qc2 Nf6 14. Bc4 Qf5
15. Qxf5 Bxf5 16. Rae1 Rfe8 17. Ne5 Nd5 18. Bxd5 cxd5 19. Bg3 g6 20. Re3 Bg5
21. Rb3 Re7 22. h4 Bf6 23. h5 Kg7 24. h6+ Kxh6 25. Ng4+ Bxg4 26. Rxf6 Kg5 27.
Be5 Rd7 28. a3 Re8 29. Rd6 Rxd6 30. Bxd6 Bc8 31. Rg3+ Kh4 32. Kh2 Re2 33. b4 f6
34. b5 Bd7 35. a4 Re4 36. Bf8 Rxd4 37. Be7 Rf4 38. Rxg6 hxg6 39. g3+ Kg4 40.
gxf4 f5 41. Bd6 Kf3 42. Kg1 Ke3 43. Bb8 a6 44. c6 bxc6 45. b6 Bc8 46. Bd6 d4
47. Kf1 d3 48. Bc5+ Kxf4 0-1

[Event "Znojemska rotunda 2001"]
[Site "?"]
[Date "2001.08.20"]
[Round "4"]
[White "Kudlacek M."]
[Black "Holcapfl J."]
[Result "1/2-1/2"]
[WhiteElo "1486"]
[BlackElo "1680"]
[PlyCount "75"]

1. g3 Nf6 2. Bg2 d5 3. d4 c6 4. Nf3 Bf5 5. O-O e6 6. b3 Be7 7. Bb2 O-O 8. Nbd2
Ne4 9. Rc1 Nd7 10. Nxe4 Bxe4 11. c4 dxc4 12. Rxc4 Nb6 13. Rc1 Qd5 14. Ne1 Rfd8
15. Bxe4 Qxe4 16. Qd3 Qxd3 17. Nxd3 Rd5 18. Rfd1 Rad8 19. Nf4 Ra5 20. a4 Bg5
21. e3 Bxf4 22. gxf4 Rf5 23. Ba3 Nd7 24. Be7 Re8 25. Bc5 a6 26. a5 f6 27. b4
Kf7 28. Kg2 g5 29. fxg5 Rxg5+ 30. Kh1 Reg8 31. Rg1 Rxg1+ 32. Rxg1 Rxg1+ 33.
Kxg1 f5 34. f4 Nf6 35. h3 Ne4 36. Kg2 h5 37. Kf3 Kf6 38. Bb6 1/2-1/2

[Event "Znojemska rotunda 2001"]
[Site "?"]
[Date "2001.08.20"]
[Round "4"]
[White "Voborny D."]
[Black "Kosik J."]
[Result "1-0"]
[WhiteElo "1703"]
[BlackElo "1377"]
[PlyCount "93"]

1. d4 d5 2. c4 e6 3. e3 Nf6 4. Nc3 Nbd7 5. Nf3 Be7 6. Bd2 O-O 7. cxd5 exd5 8.
Bd3 Re8 9. Rc1 c6 10. O-O Qc7 11. a3 b6 12. b4 c5 13. bxc5 bxc5 14. dxc5 Nxc5
15. Be2 Qd8 16. Nb5 a6 17. Nbd4 Bd7 18. Bb4 Ne6 19. Bxe7 Qxe7 20. Qb3 Rab8 21.
Qa2 Nxd4 22. Nxd4 Qd6 23. Rfd1 Rb6 24. Bf3 Bg4 25. Bxg4 Nxg4 26. Nf3 Nf6 27.
Rd4 Reb8 28. Rd2 Rb3 29. a4 Qb6 30. Nd4 Rb1 31. Rdc2 Rxc1+ 32. Rxc1 g6 33. h3
a5 34. Nc6 Qc7 35. Qa3 Kg7 36. Nxb8 Qxb8 37. Qc5 Qb2 38. Qc2 Qb4 39. Rb1 Qd6
40. Qc3 Qd8 41. Rb5 Kh6 42. Rxa5 Ne4 43. Qb4 Qf6 44. Qf8+ Qg7 45. Qxg7+ Kxg7
46. Rxd5 Nc3 47. Ra5 1-0

[Event "Znojemska rotunda 2001"]
[Site "?"]
[Date "2001.08.20"]
[Round "4"]
[White "Dvorak L."]
[Black "Mlensky D."]
[Result "0-1"]
[WhiteElo "1928"]
[BlackElo "2040"]
[PlyCount "72"]

1. Nf3 f5 2. c4 Nf6 3. Nc3 e6 4. g3 b6 5. Bg2 Bb7 6. O-O Be7 7. a3 O-O 8. b4 a5
9. b5 Qe8 10. e3 d6 11. Nd4 Bxg2 12. Kxg2 Qf7 13. d3 Nbd7 14. f4 Nc5 15. a4
Nfd7 16. Ba3 Bf6 17. Nde2 Rae8 18. d4 Nb7 19. Qd3 Qh5 20. Rae1 Be7 21. e4 fxe4
22. Qxe4 Nd8 23. Qf3 Qg6 24. d5 Ne5 25. Qf2 Nd3 26. Qe3 Nxe1+ 27. Rxe1 Bf6 28.
dxe6 Rxe6 29. Qf2 Bxc3 30. Nxc3 Rxe1 31. Qxe1 Rxf4 32. Nd5 Qe4+ 33. Qxe4 Rxe4
34. Nxc7 Rxc4 35. Bxd6 Nf7 36. Bf4 g5 0-1

[Event "Znojemska rotunda 2001"]
[Site "?"]
[Date "2001.08.20"]
[Round "4"]
[White "Petlak J."]
[Black "Doeekal J."]
[Result "1-0"]
[WhiteElo "1926"]
[BlackElo "1956"]
[PlyCount "79"]

1. e4 e5 2. Nf3 Nc6 3. Bb5 Nf6 4. Qe2 Be7 5. c3 d6 6. d3 O-O 7. Nbd2 Bd7 8. Ba4
Rb8 9. Bc2 b5 10. a4 b4 11. c4 Na5 12. b3 c5 13. Nf1 Nc6 14. h3 Ne8 15. g4 Nc7
16. Ng3 Ne6 17. Be3 Ng5 18. Nf5 Nxf3+ 19. Qxf3 g6 20. Nxe7+ Qxe7 21. Qg3 Kh8
22. Kd2 f5 23. gxf5 gxf5 24. Bg5 Qf7 25. Rag1 fxe4 26. dxe4 Qxf2+ 27. Kc1 Nd4
28. Bd1 Rf3 29. Qxf2 Rxf2 30. Be7 d5 31. Rh2 Rf4 32. Bd6 Re8 33. exd5 Bf5 34.
Rhg2 Bg6 35. Re1 Nf3 36. Re3 Nh4 37. Rg1 Nf5 38. Bxe5+ Rxe5 39. Rxe5 Nd4 40. d6
1-0

[Event "Znojemska rotunda 2001"]
[Site "?"]
[Date "2001.08.20"]
[Round "4"]
[White "Markovic I."]
[Black "Blazek M."]
[Result "1-0"]
[WhiteElo "2235"]
[BlackElo "2116"]
[PlyCount "49"]

1. e4 e5 2. Nc3 Nf6 3. Bc4 Nc6 4. d3 Bc5 5. f4 d6 6. Nf3 a6 7. f5 h6 8. a3 b5
9. Ba2 Bb7 10. Qe2 Nd4 11. Nxd4 Bxd4 12. Bd2 O-O 13. g4 d5 14. g5 hxg5 15. Bxg5
Bxc3+ 16. bxc3 Qd6 17. Rg1 dxe4 18. Bh6 Ne8 19. Qh5 exd3 20. Rxg7+ Nxg7 21. Qg5
d2+ 22. Kf2 Qb6+ 23. Ke2 Bf3+ 24. Kxf3 Qc6+ 25. Kf2 1-0

[Event "Znojemska rotunda 2001"]
[Site "?"]
[Date "2001.08.20"]
[Round "4"]
[White "Svoboda J. st."]
[Black "Svoboda J. ml."]
[Result "1/2-1/2"]
[WhiteElo "1726"]
[BlackElo "1550"]
[PlyCount "35"]

1. h4 e5 2. c4 Nf6 3. Nc3 Bc5 4. e3 Nc6 5. Nf3 d6 6. d4 exd4 7. exd4 Bb4 8. d5
Bxc3+ 9. bxc3 Ne5 10. Be2 Nxf3+ 11. Bxf3 O-O 12. O-O Bf5 13. Re1 Re8 14. Be3
Ne4 15. g4 Bd7 16. Bd4 f5 17. g5 c5 18. Bxe4 1/2-1/2

[Event "Znojemska rotunda 2001"]
[Site "?"]
[Date "2001.08.20"]
[Round "4"]
[White "Gutdeutsch O."]
[Black "Macoun V."]
[Result "1-0"]
[WhiteElo "2062"]
[BlackElo "1550"]
[PlyCount "61"]

1. e4 e5 2. Bc4 Nf6 3. Nf3 Nc6 4. O-O Bc5 5. c3 Nxe4 6. b4 Bxf2+ 7. Rxf2 Nxf2
8. Kxf2 d6 9. d3 Bg4 10. Bd5 Bxf3 11. Qxf3 Qf6 12. Qxf6 gxf6 13. Bh6 Rg8 14.
Nd2 Rg4 15. g3 f5 16. Nc4 f4 17. gxf4 exf4 18. Re1+ Kd7 19. Bxf7 Rh4 20. Be6+
Ke8 21. Bg5 Rxh2+ 22. Kg1 Rc2 23. Bc8+ Ne5 24. Bxb7 Rb8 25. Bc6+ Kf7 26. Nxe5+
dxe5 27. Rxe5 Rxc3 28. Bd5+ Kg7 29. Re6 Rc2 30. Bh6+ Kf7 31. Rb6+ 1-0

[Event "Znojemska rotunda 2001"]
[Site "?"]
[Date "2001.08.20"]
[Round "4"]
[White "Molik Zd."]
[Black "Most Zd."]
[Result "1/2-1/2"]
[WhiteElo "2123"]
[BlackElo "2090"]
[PlyCount "52"]

1. e4 d6 2. d4 Nf6 3. Nc3 g6 4. Be3 a6 5. h3 b5 6. Bd3 Bb7 7. a3 Nbd7 8. b4 Bg7
9. Nf3 c5 10. e5 dxe5 11. dxe5 Bxf3 12. gxf3 Nxe5 13. Bxc5 Nxd3+ 14. cxd3 Nd5
15. Nxd5 Qxd5 16. Qe2 O-O 17. Rd1 Rfe8 18. h4 h5 19. Rg1 Bf6 20. Qe4 Qxe4+ 21.
fxe4 Bxh4 22. d4 e6 23. Ke2 Rad8 24. f4 Rd7 25. a4 Be7 26. axb5 axb5 1/2-1/2

[Event "Znojemska rotunda 2001"]
[Site "?"]
[Date "2001.08.20"]
[Round "4"]
[White "Majer J."]
[Black "Pokorny J."]
[Result "1/2-1/2"]
[WhiteElo "1550"]
[BlackElo "1648"]
[PlyCount "47"]

1. e4 e5 2. Nf3 Nf6 3. Nc3 Nc6 4. d4 exd4 5. Nxd4 d6 6. Bb5 Bd7 7. Bf4 Ne5 8.
O-O g6 9. Re1 Bg7 10. Bxd7+ Nfxd7 11. Bg3 O-O 12. f4 Nc6 13. Nxc6 bxc6 14. Qf3
Nc5 15. Rad1 Qb8 16. b3 Qb4 17. e5 d5 18. Bf2 Rfe8 19. Rd4 Qb7 20. Rdd1 Bf8 21.
Bh4 Ne6 22. Ne2 a5 23. a4 Be7 24. Bf6 1/2-1/2

[Event "Znojemska rotunda 2001"]
[Site "?"]
[Date "2001.08.20"]
[Round "4"]
[White "Antos O."]
[Black "Vlk M."]
[Result "0-1"]
[WhiteElo "1750"]
[BlackElo "1919"]
[PlyCount "68"]

1. Nf3 d5 2. d4 e6 3. Nc3 Nf6 4. Bg5 Nbd7 5. e4 dxe4 6. Nxe4 Be7 7. Bd3 O-O 8.
c3 b6 9. Qe2 Bb7 10. O-O Nd5 11. Bxe7 Qxe7 12. Qd2 Rad8 13. a3 c5 14. c4 N5f6
15. Rae1 cxd4 16. Nxd4 Nxe4 17. Bxe4 Bxe4 18. Rxe4 Nf6 19. Re5 Ng4 20. Re2 Qc5
21. Rd1 e5 22. Qb4 Rxd4 23. Rxd4 exd4 24. Qxc5 bxc5 25. h3 Nf6 26. b4 Rc8 27.
b5 Kf8 28. f3 Nd7 29. Kf1 Nb6 30. Rc2 Re8 31. Re2 Nxc4 32. Rxe8+ Kxe8 33. Kg1
d3 34. Kh1 d2 0-1

[Event "Znojemska rotunda 2001"]
[Site "?"]
[Date "2001.08.20"]
[Round "4"]
[White "Jurak S."]
[Black "Dvorak M."]
[Result "1-0"]
[WhiteElo "1708"]
[BlackElo "1548"]
[PlyCount "57"]

1. d4 g6 2. c4 Nf6 3. Nc3 Bg7 4. e3 O-O 5. Nf3 d6 6. Bd3 c6 7. O-O a5 8. h3 Qc7
9. e4 Nbd7 10. Be3 e5 11. d5 cxd5 12. cxd5 b6 13. Rc1 Nc5 14. Be2 Ba6 15. Bxa6
Rxa6 16. Qe2 Raa8 17. Nd2 Qd7 18. Kh2 Rab8 19. a3 Rfc8 20. f3 Nh5 21. g3 Nf6
22. Nb5 Ne8 23. b3 Qd8 24. Na7 Rc7 25. Nc6 Rxc6 26. dxc6 Qc7 27. b4 Ne6 28. b5
Nc5 29. Nc4 {Pro rozpory v zapisu obou hracu nebylo mozne dalsi prubeh partie
zrekonstruovat. Partie skoncila po 73. tahu bileho.} 1-0

[Event "Znojemska rotunda 2001"]
[Site "?"]
[Date "2001.08.20"]
[Round "4"]
[White "Rulfova Z."]
[Black "Spilka J."]
[Result "1/2-1/2"]
[WhiteElo "1350"]
[BlackElo "1550"]
[PlyCount "168"]

1. e4 c5 2. c4 e6 3. Nc3 Nc6 4. Nf3 d6 5. d3 h6 6. g3 Nf6 7. Bg2 e5 8. O-O Bg4
9. Ne2 Qd7 10. a3 a5 11. Bd2 b6 12. b4 a4 13. bxc5 dxc5 14. Rb1 Ra6 15. Kh1
Qxd3 16. Nc3 Qxc4 17. Re1 Bd6 18. Qc2 Qe6 19. Nxa4 Bc7 20. Bc1 O-O 21. Nc3 Qc8
22. Rd1 Nd4 23. Qd3 Rd8 24. Qe3 Nc2 25. Rxd8+ Bxd8 26. Qd3 Nd4 27. Nxe5 Be6 28.
Ne2 Nxe2 29. Qxe2 Ra7 30. Nc4 Qa6 31. Bf1 Rd7 32. Ne5 Qxe2 33. Bxe2 Rb7 34. f3
Kh7 35. Kg2 Ng8 36. Be3 Be7 37. a4 Ra7 38. Bd1 Ra6 39. Nc6 Bd6 40. e5 Bc7 41.
Bc2+ g6 42. Ra1 Bd5 43. Be4 Bxc6 44. Bxc6 Bxe5 45. Rd1 Ne7 46. Bb5 Ra7 47. f4
Bc3 48. h4 Nf5 49. Bf2 h5 50. Kh3 Nh6 51. Rd6 Ba5 52. Be2 Nf5 53. Rc6 Re7 54.
Bf3 Ng7 55. g4 hxg4+ 56. Kxg4 Kh6 57. Bd1 Rd7 58. Bf3 Kh7 59. Kg5 Ne8 60. h5
f6+ 61. Kh4 Rd6 62. hxg6+ Kxg6 63. Bh5+ Kf5 64. Rxd6 Nxd6 65. Be3 Ke4 66. Bf2
f5 67. Bg6 c4 68. Bh5 c3 69. Bd1 Nc4 70. Kg5 Ne3 71. Bxe3 Kxe3 72. Kxf5 Kd2 73.
Bb3 Ke3 74. Ke5 Bb4 75. f5 Kd2 76. Kd5 c2 77. Bxc2 Kxc2 78. Kc6 Ba5 79. Kb5 Kb3
80. f6 Bb4 81. f7 Bf8 82. Kxb6 Kxa4 83. Kc6 Ka5 84. Kd7 Ba3 1/2-1/2

[Event "Znojemska rotunda 2001"]
[Site "?"]
[Date "2001.08.20"]
[Round "4"]
[White "Urban V."]
[Black "Dobes O."]
[Result "1/2-1/2"]
[WhiteElo "1920"]
[BlackElo "2042"]
[PlyCount "105"]

1. d4 Nf6 2. c4 e6 3. Nf3 Bb4+ 4. Nbd2 O-O 5. g3 b6 6. Bg2 Bb7 7. O-O Re8 8. b3
Bf8 9. Bb2 d6 10. b4 Nbd7 11. Qb3 c5 12. a3 Qc7 13. Rac1 Rac8 14. Bh3 Rcd8 15.
Rfe1 e5 16. dxe5 dxe5 17. Nf1 g6 18. Ne3 Bg7 19. b5 Ne4 20. Rcd1 Nf8 21. Qc2 f5
22. Rxd8 Rxd8 23. Rd1 Rxd1+ 24. Qxd1 Kf7 25. Qd3 h6 26. g4 Nxf2 27. Kxf2 e4 28.
Nd5 exd3 29. Nxc7 Bxf3 30. exf3 Bxb2 31. a4 fxg4 32. fxg4 Be5 33. Nd5 Ne6 34.
Bf1 d2 35. Ke2 Nf4+ 36. Nxf4 Bxf4 37. h3 Kf6 38. h4 Ke5 39. h5 gxh5 40. gxh5
Kd4 41. Kd1 Kc3 42. Be2 Kb4 43. Kc2 Kxa4 44. Kc3 Ka5 45. Kb3 a6 46. bxa6 Kxa6
47. Kc2 Ka5 48. Kc3 Bg5 49. Kb3 Bf4 50. Kc3 Ka4 51. Bd1+ Ka3 52. Be2 Ka2 53.
Kc2 1/2-1/2

[Event "Znojemska rotunda 2001"]
[Site "?"]
[Date "2001.08.20"]
[Round "4"]
[White "Amerling M."]
[Black "Jurica P."]
[Result "1-0"]
[WhiteElo "1939"]
[BlackElo "2140"]
[PlyCount "123"]

1. Nf3 g6 2. d4 f5 3. g3 Bg7 4. Bg2 Nf6 5. O-O O-O 6. Re1 c6 7. Nbd2 d6 8. c3
Qc7 9. e4 Nxe4 10. Nxe4 fxe4 11. Rxe4 e5 12. dxe5 dxe5 13. Qb3+ Kh8 14. Ng5 Qe7
15. Nxh7 Be6 16. Nxf8 Bxf8 17. Qa4 Nd7 18. Rh4+ Kg8 19. Bh3 Bf7 20. Bh6 Bxh6
21. Rxh6 Nc5 22. Qh4 Qxh4 23. Rxh4 Rd8 24. b4 Na4 25. c4 Nc3 26. Bf1 Kg7 27. a4
Be6 28. g4 Rd4 29. Rh3 Ne4 30. Re3 Nd2 31. h3 e4 32. Be2 Bxc4 33. Bxc4 Nxc4 34.
Rc3 Kf6 35. Kg2 Ke6 36. Kg3 g5 37. Rac1 Ne5 38. Rb1 Nd3 39. b5 c5 40. a5 c4 41.
Ra1 Nf4 42. Re3 c3 43. Rae1 c2 44. Rc1 Rc4 45. Rxe4+ Rxe4 46. Rxc2 Nd5 47. a6
b6 48. Rc6+ Kd7 49. Rg6 Re5 50. Rg7+ Ne7 51. h4 gxh4+ 52. Kxh4 Rxb5 53. f4 Ke6
54. f5+ Kf6 55. Rh7 Rb4 56. Kh5 Re4 57. Rh6+ Kf7 58. Rd6 Ng8 59. g5 Re7 60. g6+
Kg7 61. Kg5 Nf6 62. Rxf6 1-0

[Event "Znojemska rotunda 2001"]
[Site "?"]
[Date "2001.08.21"]
[Round "5"]
[White "Holcapfl J."]
[Black "Roesner T."]
[Result "1/2-1/2"]
[WhiteElo "1687"]
[BlackElo "1803"]
[PlyCount "63"]

1. e4 e5 2. Nf3 Nc6 3. Bb5 a6 4. Bxc6 dxc6 5. d4 exd4 6. Qxd4 Qxd4 7. Nxd4 Bd7
8. Nc3 O-O-O 9. Be3 Nf6 10. f3 c5 11. Nb3 b6 12. O-O-O Bd6 13. Nd5 Nxd5 14.
Rxd5 f6 15. g3 Rhe8 16. Bf4 Be6 17. Rdd1 Be5 18. Bxe5 fxe5 19. Rxd8+ Rxd8 20.
f4 c4 21. Nd2 c3 22. Nb3 Bxb3 23. axb3 cxb2+ 24. Kxb2 exf4 25. gxf4 Rd2 26. Rg1
g6 27. f5 gxf5 28. exf5 Rxh2 29. f6 Kd7 30. Rg7+ Ke6 31. Rxc7 Kxf6 32. Rc6+
1/2-1/2

[Event "Znojemska rotunda 2001"]
[Site "?"]
[Date "2001.08.21"]
[Round "5"]
[White "Pokorny J."]
[Black "Kudlacek M."]
[Result "1-0"]
[WhiteElo "1648"]
[BlackElo "1486"]
[PlyCount "47"]

1. e4 c5 2. Nf3 d6 3. d4 cxd4 4. Nxd4 a6 5. Nc3 g6 6. Bc4 Bg7 7. Be3 Nf6 8. f3
O-O 9. Qd2 Nbd7 10. O-O-O Ne5 11. Bb3 Qc7 12. Bh6 Nc4 13. Qg5 Bd7 14. h4 e6 15.
g4 Na5 16. h5 Nxb3+ 17. axb3 Qc5 18. Nf5 exf5 19. Bxg7 Kxg7 20. h6+ Kg8 21.
Qxf6 Qe5 22. Qxe5 dxe5 23. Rxd7 fxg4 24. fxg4 1-0

[Event "Znojemska rotunda 2001"]
[Site "?"]
[Date "2001.08.21"]
[Round "5"]
[White "Svoboda J. ml."]
[Black "Jurak S."]
[Result "1-0"]
[WhiteElo "1550"]
[BlackElo "1708"]
[PlyCount "24"]

1. e4 e6 2. d4 d5 3. Nd2 Nf6 4. e5 Nfd7 5. Ngf3 Be7 6. Bd3 c5 7. c3 Nc6 8. b3
Qb6 9. Bb2 cxd4 10. cxd4 Nb4 11. Bc2 Nxc2+ 12. Qxc2 Nb8 1-0

[Event "Znojemska rotunda 2001"]
[Site "?"]
[Date "2001.08.21"]
[Round "5"]
[White "Doeekal J."]
[Black "Majer J."]
[Result "1-0"]
[WhiteElo "1956"]
[BlackElo "1550"]
[PlyCount "81"]

1. f4 Nc6 2. Nf3 d5 3. e3 Nf6 4. Be2 Bg4 5. O-O d4 6. Nxd4 Nxd4 7. Bxg4 Nxg4 8.
c3 Nxh2 9. Kxh2 Nc6 10. d4 e6 11. e4 Be7 12. Nd2 O-O 13. Nf3 f5 14. e5 Bh4 15.
Rh1 Bf2 16. Qe2 Bh4 17. Kg1 Be7 18. Be3 Qd7 19. Rd1 Rfd8 20. c4 Rab8 21. a3 a6
22. d5 b5 23. Kf2 Na5 24. d6 cxd6 25. exd6 Bf6 26. c5 Nb7 27. b4 Qc6 28. Bd4
Bxd4+ 29. Nxd4 Qc8 30. Qxe6+ Qxe6 31. Nxe6 Re8 32. Rhe1 Kf7 33. Ng5+ Kg6 34.
Rxe8 Rxe8 35. c6 h6 36. d7 Rf8 37. c7 Nd8 38. Rd6+ Kh5 39. c8=Q hxg5 40. Qc1 g4
41. Qh1# 1-0

[Event "Znojemska rotunda 2001"]
[Site "?"]
[Date "2001.08.21"]
[Round "5"]
[White "Most Zd."]
[Black "Markovic I."]
[Result "1-0"]
[WhiteElo "2090"]
[BlackElo "2235"]
[PlyCount "58"]

1. d4 Nf6 2. Nf3 c5 3. g3 d6 4. Bg2 Nbd7 5. c3 Rb8 6. Qa4 a6 7. dxc5 dxc5 8.
Bf4 b5 9. Qc2 Rb6 10. a4 Bb7 11. axb5 axb5 12. O-O Nd5 13. Bd2 e5 14. c4 Nb4
15. Bxb4 cxb4 16. cxb5 Rxb5 17. Rd1 b3 18. Qd3 Rd5 19. Qxb3 Rxd1+ 20. Qxd1 Qb6
21. Nc3 Bc5 22. e3 O-O 23. Qxd7 Bxe3 24. Nd1 Rd8 25. Qe7 Bc5 26. Qxe5 Bc6 27.
Rc1 h6 28. Ne3 Bb4 29. Nf5 Bf8 1-0

[Event "Znojemska rotunda 2001"]
[Site "?"]
[Date "2001.08.21"]
[Round "5"]
[White "Urban V."]
[Black "Amerling M."]
[Result "0-1"]
[WhiteElo "1926"]
[BlackElo "1939"]
[PlyCount "65"]

1. d4 Nf6 2. c4 c5 3. d5 b5 4. f3 bxc4 5. e4 d6 6. Bxc4 e5 7. Nc3 Be7 8. Nge2
O-O 9. O-O Ne8 10. Be3 f5 11. Qd3 f4 12. Bxc5 Kh8 13. Bf2 g5 14. Nb5 Qd7 15.
Qa3 a6 16. Nbc3 Rf6 17. Nd4 exd4 18. Bxd4 Ng7 19. Bxf6 Bxf6 20. Rfe1 Be5 21.
Qa5 Qe7 22. Nb5 Nd7 23. Rad1 Bxb2 24. Nc7 Ra7 25. Nb5 axb5 26. Qxa7 bxc4 27.
Re2 Bf6 28. Rc1 c3 29. Kh1 Qd8 30. e5 Bxe5 31. Qa8 Qc7 32. Rxe5 Nxe5 33. a4 0-1